00390nam a2200145Ia 4500008004100000020001500041041001200056082001100068100001700079245007800096260004000174300000800214650000700222700001500229221030s9999 xx 000 0 und d a8177587852 aEnglish a105.23 aM. H. Dunham 0aData Mining : Introductory & Advanced Topicscby M. H. Dunham, S. Sridhar bPearson EducationaNew Delhic2011 a311 aIT aS. Sridhar